000 01883cam a2200373 i 4500
999 _c28402
_d28373
001 17804254
003 EG-ScBUE
005 20200704104341.0
008 130708t2014 flua b 001 0 eng d
020 _a9781568817255 (hardback : alk. paper)
040 _aDLC
_beng
_erda
_cDLC
_dDLC
_dEG-ScBUE
082 0 4 _a006.37
_bPOU
_222
100 1 _aPouli, Tania,
_eauthor.
245 1 0 _aImage statistics in visual computing /
_cTania Pouli, Erik Reinhard, Douglas W. Cunningham.
264 1 _aBoca Raton, [Florida] :
_bCRC Press/Taylor & Francis Group,
_c[2014]
264 4 _cc2014
300 _axviii, 354 pages :
_bcolor illustrations ;
_c24 cm
336 _atext
_2rdacontent
_btxt
337 _aunmediated
_2rdamedia
_bn
338 _avolume
_2rdacarrier
_bnc
500 _a"An A K Peters book."
504 _aIncludes bibliographical references and index.
520 _a"The statistics of natural images have attracted the attention of researchers in a variety of fields as a means to better understand the human visual system and its processes. A number of algorithms in computer graphics and vision and image processing take advantage of such statistical findings to create visually more plausible results. This book explores the state of the art in image statistics and discusses existing and potential applications within computer graphics and related areas"--
_cProvided by publisher.
650 7 _aComputer vision
_xMathematics.
_2BUEsh
650 7 _aComputer graphics.
_2BUEsh
650 7 _aVisual perception.
_2BUEsh
653 _bCOMSCI
_cJuly2020
655 _vText book
_933728
700 1 _aCunningham, Douglas W.
_q(Douglas William)
_eauthor.
700 1 _aReinhard, Erik,
_d1968-
_eauthor.
906 _a7
_bcbc
_corignew
_d1
_eecip
_f20
_gy-gencatlg
942 _2ddc
_cTXT